[Event "XIII Open"]
[Site "Crema ITA"]
[Date "2011.09.04"]
[Round "5"]
[White "Distratis, Gianluca"]
[Black "Miracola, Giorgia"]
[Result "1-0"]
[WhiteElo "1948"]
[BlackElo "1763"]
[PlyCount "69"]
[EventDate "2011.09.02"]

1. e4 c5 2. c3 Nf6 3. e5 Nd5 4. d4 cxd4 5. cxd4 Nc6 6. Nf3 e6 7. Bc4 Nb6 8. Bb3
Be7 9. O-O O-O 10. Nc3 d6 11. exd6 Bxd6 12. Be3 a6 13. Rc1 Nd5 14. h3 Nce7 15.
a3 b5 16. Bc2 Nf6 17. Qd3 Ng6 18. Rfd1 Bb7 19. Qe2 Nf4 20. Bxf4 Bxf4 21. Rb1
Qc7 22. Qd3 g6 23. Bb3 Rad8 24. Qe2 Rfe8 25. Ne5 Bd5 26. Bxd5 Nxd5 27. Rd3 f6
28. Nf3 Nb6 29. Ne4 Qf7 30. Rbd1 Nd5 31. g3 Bh6 32. Nc5 Ra8 33. Re1 Nc7 34. Qe4
a5 35. Qc6 1-0

[Event "XIII Open"]
[Site "Crema ITA"]
[Date "2011.09.04"]
[Round "5"]
[White "Dragojlovic, Andjelko"]
[Black "Kizov, Atanas"]
[Result "1/2-1/2"]
[WhiteElo "2381"]
[BlackElo "2406"]
[PlyCount "20"]
[EventDate "2011.09.02"]

1. Nf3 d5 2. g3 Bg4 3. Bg2 Nd7 4. d3 c6 5. O-O Ngf6 6. Qe1 e5 7. e4 dxe4 8.
dxe4 Bc5 9. a4 O-O 10. Nbd2 Re8 1/2-1/2

[Event "XIII Open"]
[Site "Crema ITA"]
[Date "2011.09.04"]
[Round "5"]
[White "Epitome, Nando"]
[Black "Agostinelli, Andrea"]
[Result "1/2-1/2"]
[WhiteElo "1622"]
[BlackElo "1688"]
[PlyCount "58"]
[EventDate "2011.09.02"]

1. d4 Nf6 2. c4 g6 3. Nc3 d5 4. h3 Bg7 5. Nf3 O-O 6. Bf4 c5 7. e3 cxd4 8. exd4
Qa5 9. Qd2 Be6 10. c5 Nc6 11. a3 Bf5 12. Be2 Ne4 13. Nxe4 dxe4 14. Qxa5 Nxa5
15. Ne5 Nb3 16. Rd1 Rad8 17. Be3 Bxe5 18. dxe5 Rc8 19. Bg5 Rfe8 20. Bb5 Red8
21. Rxd8+ Rxd8 22. Bxe7 Rc8 23. g4 Be6 24. O-O Nd2 25. Rd1 Nf3+ 26. Kg2 Nxe5
27. Bf6 Nc6 28. Kg3 a6 29. Bxc6 bxc6 1/2-1/2

[Event "XIII Open"]
[Site "Crema ITA"]
[Date "2011.09.04"]
[Round "5"]
[White "Franco, Alessandro"]
[Black "Milanesi, Erminio"]
[Result "1-0"]
[WhiteElo "1736"]
[BlackElo "1842"]
[PlyCount "99"]
[EventDate "2011.09.02"]

1. e4 g6 2. d4 Nh6 3. Bc4 e6 4. Nc3 f6 5. Be3 Nf7 6. Nf3 d6 7. Qe2 Bg7 8. d5 e5
9. Nd2 a5 10. O-O-O a4 11. a3 Bd7 12. h4 O-O 13. f4 exf4 14. Bxf4 Ne5 15. Bxe5
fxe5 16. Rdf1 Rxf1+ 17. Qxf1 Qf6 18. Qe1 Na6 19. Rf1 Qe7 20. Bb5 Nc5 21. Nf3
Bxb5 22. Nxb5 Qd7 23. Nc3 Qg4 24. g3 Rf8 25. Nh2 Rxf1 26. Nxf1 Qf3 27. Kb1 Bh6
28. Ka2 Qg2 29. Kb1 c6 30. Ne3 Bxe3 31. Qxe3 Qf1+ 32. Ka2 Qc4+ 33. Kb1 cxd5 34.
exd5 Qf1+ 35. Ka2 Qf5 36. Qe2 e4 37. g4 Qf3 38. h5 gxh5 39. gxh5 Kg7 40. Qh2
Qf6 41. Qg2+ Kh6 42. Nxe4 Nxe4 43. Qxe4 Kxh5 44. Qxh7+ Kg5 45. Qxb7 Qf1 46.
Qg7+ Kh5 47. Qh7+ Kg5 48. Qe7+ Kh5 49. Qe8+ Kh6 50. Qxa4 1-0

[Event "XIII Open"]
[Site "Crema ITA"]
[Date "2011.09.04"]
[Round "5"]
[White "Guasconi, Lelio"]
[Black "Volpati, Antonio"]
[Result "1-0"]
[WhiteElo "1614"]
[BlackElo "1670"]
[PlyCount "123"]
[EventDate "2011.09.02"]

1. c4 e5 2. b3 Nf6 3. Nc3 c6 4. d4 exd4 5. Qxd4 Be7 6. Bb2 c5 7. Qe3 Nc6 8. Nf3
O-O 9. g3 d6 10. Nd5 Be6 11. Nxe7+ Qxe7 12. Bg2 Rae8 13. Qd2 Rd8 14. O-O d5 15.
cxd5 Rxd5 16. Qc2 Rfd8 17. e3 b6 18. Rad1 Rxd1 19. Rxd1 Rxd1+ 20. Qxd1 Qd7 21.
Qa1 Qe7 22. h3 Ne8 23. Kh2 Nb4 24. Bf1 Qd7 25. Ne5 Qd6 26. Bc4 f6 27. Bxe6+
Qxe6 28. Ng4 Nd3 29. Qb1 Nxb2 30. Qxb2 h5 31. Nxf6+ Qxf6 32. Qd2 Nd6 33. Qd5+
Kh7 34. Qxh5+ Kg8 35. Qd5+ Kh7 36. Qh5+ Qh6 37. Qd5 Qf6 38. Kg2 Qg6 39. h4 Qe4+
40. Qxe4+ Nxe4 41. f4 b5 42. Kf3 Nc3 43. a3 c4 44. bxc4 bxc4 45. e4 Kg6 46. g4
Na4 47. f5+ Kf6 48. g5+ Kf7 49. h5 c3 50. Ke3 c2 51. Kd2 c1=Q+ 52. Kxc1 Nc3 53.
e5 Ne4 54. g6+ Ke7 55. Kc2 Ng3 56. h6 gxh6 57. f6+ Kf8 58. e6 Nf5 59. Kd3 h5
60. Ke4 Nd6+ 61. Kf4 Ne8 62. e7+ 1-0

[Event "XIII Open"]
[Site "Crema ITA"]
[Date "2011.09.04"]
[Round "5"]
[White "Ljubisavljevic, Zivojin Z."]
[Black "Rambaldi, Francesco"]
[Result "1/2-1/2"]
[WhiteElo "2221"]
[BlackElo "2176"]
[PlyCount "23"]
[EventDate "2011.09.02"]

1. d4 d6 2. e4 Nf6 3. Nc3 g6 4. f4 Bg7 5. Nf3 O-O 6. e5 dxe5 7. fxe5 Nd5 8. Ne4
Bf5 9. Ng3 Bg4 10. Be2 c5 11. O-O Nc6 12. dxc5 1/2-1/2

[Event "XIII Open"]
[Site "Crema ITA"]
[Date "2011.09.04"]
[Round "5"]
[White "Madaschi, Sergio"]
[Black "Mansueti, Marco"]
[Result "0-1"]
[WhiteElo "1636"]
[BlackElo "1856"]
[PlyCount "116"]
[EventDate "2011.09.02"]

1. d4 d5 2. c4 c6 3. e3 Nf6 4. Nc3 e6 5. Nf3 Nbd7 6. Bd3 dxc4 7. Bxc4 Bb4 8.
Qc2 O-O 9. O-O Nd5 10. Bd2 Nxc3 11. bxc3 Be7 12. Bd3 g6 13. e4 b6 14. Rfe1 Bb7
15. Bh6 Re8 16. Qd2 c5 17. Rad1 cxd4 18. cxd4 Bf6 19. Bc4 Rc8 20. Rc1 a6 21.
Bd3 b5 22. Rxc8 Qxc8 23. Rc1 Qa8 24. Qe3 Nb6 25. Qf4 Qd8 26. Bg5 Bxg5 27. Nxg5
Re7 28. Qh4 f6 29. Nf3 Kg7 30. Qg3 Nc8 31. e5 f5 32. Be2 Nb6 33. Qg5 Qf8 34. h4
h6 35. Qf4 Nd5 36. Qg3 Kh7 37. Nd2 Qd8 38. Nb3 Qb6 39. Bf3 a5 40. Nc5 Ba8 41.
Be2 Nc7 42. Qd3 Bd5 43. g4 Bc4 44. Qf3 Bxa2 45. gxf5 gxf5 46. Kh2 Bd5 47. Qh5
Qb8 48. Rg1 Qe8 49. Qxe8 Rxe8 50. Bh5 Rg8 51. Rxg8 Kxg8 52. Nd7 a4 53. Nf6+ Kg7
54. Be2 a3 55. Nh5+ Kf8 56. Nf4 a2 57. Nxd5 Nxd5 58. Bxb5 a1=Q 0-1

[Event "XIII Open"]
[Site "Crema ITA"]
[Date "2011.09.04"]
[Round "5"]
[White "Miracola, Massimiliano"]
[Black "Righini, Giovanni"]
[Result "1-0"]
[WhiteElo "1993"]
[BlackElo "1840"]
[PlyCount "111"]
[EventDate "2011.09.02"]

1. e4 e6 2. d4 b6 3. Bd3 Bb7 4. Nf3 Nf6 5. Nbd2 d5 6. e5 Ne4 7. Qe2 Nxd2 8.
Bxd2 a5 9. Ng5 Ba6 10. Qf3 Qd7 11. Nxh7 Bxd3 12. Qxd3 Be7 13. Ng5 c5 14. c3 Nc6
15. Nf3 c4 16. Qc2 b5 17. O-O b4 18. h3 Qb7 19. Bg5 f6 20. exf6 gxf6 21. Bf4
Kd7 22. b3 cxb3 23. Qxb3 Qb5 24. Rfc1 a4 25. Qb2 Na5 26. Nd2 Rag8 27. cxb4 Nc4
28. Nxc4 dxc4 29. Qc3 Qd5 30. Bg3 Bd6 31. Qxc4 Qxc4 32. Rxc4 Bxg3 33. fxg3 Rxg3
34. Rac1 Rhg8 35. R1c2 Rxh3 36. b5 Ra3 37. b6 Rb8 38. Rc7+ Kd6 39. b7 Rxa2 40.
R2c6+ Kd5 41. Rb6 Rg8 42. b8=Q Raxg2+ 43. Kf1 Rg1+ 44. Ke2 R1g2+ 45. Kd1 Rg1+
46. Kc2 Rxb8 47. Rxb8 Kxd4 48. Rd8+ Ke4 49. Rc4+ Ke5 50. Rxa4 Rg2+ 51. Kc3 Rg3+
52. Rd3 Rxd3+ 53. Kxd3 f5 54. Ke3 Kf6 55. Ra6 Ke5 56. Ra5+ 1-0

[Event "XIII Open"]
[Site "Crema ITA"]
[Date "2011.09.04"]
[Round "5"]
[White "Mussap, Angelo"]
[Black "Ficco, Corrado"]
[Result "1-0"]
[WhiteElo "2036"]
[BlackElo "2117"]
[PlyCount "75"]
[EventDate "2011.09.02"]

1. e4 Nf6 2. Nc3 e5 3. Nf3 Nc6 4. Bb5 Bb4 5. d3 d6 6. h3 O-O 7. O-O Bxc3 8.
bxc3 Qe7 9. Bg5 Nd8 10. Nh2 h6 11. Be3 c6 12. Ba4 b5 13. Bb3 Be6 14. f4 exf4
15. Bxf4 Bxb3 16. axb3 Ne6 17. Bd2 a5 18. Qf3 Nd7 19. Qg3 Kh7 20. d4 Ng5 21.
Bxg5 hxg5 22. Qg4 f6 23. h4 gxh4 24. Qxh4+ Kg8 25. Qg4 Rfe8 26. Nf3 Qe6 27. Qh5
Nf8 28. Rae1 Qf7 29. Qh2 Qd7 30. Nh4 a4 31. bxa4 bxa4 32. Nf5 d5 33. e5 fxe5
34. Qg3 Kh8 35. dxe5 a3 36. Kf2 a2 37. Rh1+ Nh7 38. Qg6 1-0

[Event "XIII Open"]
[Site "Crema ITA"]
[Date "2011.09.04"]
[Round "5"]
[White "Oteri, Aldo"]
[Black "Borboni, Paolo"]
[Result "1/2-1/2"]
[WhiteElo "1797"]
[BlackElo "1726"]
[PlyCount "83"]
[EventDate "2011.09.02"]

1. e4 e5 2. Nf3 Nc6 3. Bb5 a6 4. Ba4 Nf6 5. d4 exd4 6. O-O Be7 7. e5 Ne4 8.
Nxd4 O-O 9. Nf5 d5 10. Bxc6 bxc6 11. Nxe7+ Qxe7 12. Qe2 Nc5 13. b3 Nd7 14. Bb2
Re8 15. f4 Nf6 16. h3 Ne4 17. Kh2 Qh4 18. Qe1 Qh5 19. Nd2 Bf5 20. Nxe4 Bxe4 21.
g4 Qg6 22. f5 Qg5 23. Qf2 Qe7 24. f6 gxf6 25. Qxf6 Qxf6 26. Rxf6 Re6 27. Raf1
Bg6 28. h4 h5 29. gxh5 Bxh5 30. R1f5 Bg6 31. Rg5 Rxf6 32. exf6 Kh8 33. h5 Bh7
34. Rg7 Bg8 35. Kg3 Re8 36. Kf3 Re4 37. c4 Rh4 38. cxd5 Rxh5 39. dxc6 Rc5 40.
Rg4 Rxc6 41. Rc4 Rd6 42. Bc1 1/2-1/2

[Event "XIII Open"]
[Site "Crema ITA"]
[Date "2011.09.04"]
[Round "5"]
[White "Puricelli, Riccardo"]
[Black "Coppola, Federico"]
[Result "1-0"]
[WhiteElo "1672"]
[BlackElo "1802"]
[PlyCount "113"]
[EventDate "2011.09.02"]

1. d4 Nf6 2. c4 c5 3. e3 g6 4. Nf3 Bg7 5. Bd3 O-O 6. O-O cxd4 7. exd4 d5 8. c5
b6 9. cxb6 Qxb6 10. h3 Nc6 11. Re1 Rb8 12. Nc3 Ba6 13. Na4 Qa5 14. Bd2 Nb4 15.
Bxa6 Qxa6 16. Rxe7 Nd3 17. b3 Ne4 18. Be3 Rfc8 19. Qe2 Bf8 20. Re5 f6 21. Rxd5
Qc6 22. Ra5 Qc2 23. Qxc2 Rxc2 24. Rxa7 Rbc8 25. Nb6 Re8 26. Ne1 Nxe1 27. Rxe1
f5 28. Rc1 Rxc1+ 29. Bxc1 Nf6 30. Kf1 Bb4 31. Ra8 Rxa8 32. Nxa8 Ba5 33. Ba3 Kf7
34. Bc5 Nd7 35. b4 Bd8 36. b5 Ke6 37. b6 Kd5 38. Nc7+ Kc6 39. Ke2 Nxb6 40. Ne6
Bf6 41. Nf8 Bg7 42. Nxh7 Na4 43. Ng5 Bf6 44. Nf3 Nxc5 45. dxc5 Kxc5 46. Kd3 Kb4
47. Kc2 Ka3 48. Kb1 Be7 49. Ne5 g5 50. f3 f4 51. Nf7 Bf6 52. Kc2 Kxa2 53. Kd3
Kb3 54. Ke4 Kc4 55. Kf5 Be7 56. Nxg5 Kd4 57. Kxf4 1-0

[Event "XIII Open"]
[Site "Crema ITA"]
[Date "2011.09.04"]
[Round "5"]
[White "Pinna, Ferdinando"]
[Black "Moroni, Luca jr"]
[Result "1-0"]
[WhiteElo "1903"]
[BlackElo "1998"]
[PlyCount "61"]
[EventDate "2011.09.02"]

1. e4 c5 2. Nc3 d6 3. g3 Nc6 4. Bg2 g6 5. d3 Bg7 6. f4 e6 7. Nf3 Nge7 8. Be3
O-O 9. O-O Rb8 10. Qd2 f5 11. Qf2 b5 12. e5 dxe5 13. Bxc5 exf4 14. gxf4 a6 15.
d4 Re8 16. b4 Bf8 17. Rad1 Bb7 18. Rfe1 Qd7 19. Ng5 Nd5 20. Nxd5 exd5 21. c3
Bh6 22. h4 Bxg5 23. hxg5 Re6 24. Rxe6 Qxe6 25. Re1 Qd7 26. Qf3 Nd8 27. Re7 Qc8
28. Qh3 Nf7 29. Rxf7 Kxf7 30. Qxh7+ Ke8 31. Qe7# 1-0

[Event "XIII Open"]
[Site "Crema ITA"]
[Date "2011.09.04"]
[Round "5"]
[White "Pisani, Valerio"]
[Black "Marchesotti, Giovanni"]
[Result "1-0"]
[WhiteElo "1761"]
[BlackElo "1599"]
[PlyCount "54"]
[EventDate "2011.09.02"]

1. Nc3 Nf6 2. d4 d5 3. Bg5 Nbd7 4. Nf3 h6 5. Bf4 e6 6. Nb5 Bb4+ 7. c3 Ba5 8. b4
Bb6 9. a4 a6 10. Na3 g5 11. Bg3 Ne4 12. Qc2 Nxg3 13. hxg3 g4 14. Nd2 e5 15. e3
exd4 16. cxd4 Nf6 17. Bd3 Be6 18. O-O-O Qe7 19. Qc3 c6 20. Nb3 Ne4 21. Bxe4
dxe4 22. d5 f6 23. dxe6 Qxe6 24. Nc4 Bc7 25. Nc5 Be5 26. Nxe5 Qxe5 27. Qxe5+
fxe5 1-0

[Event "XIII Open"]
[Site "Crema ITA"]
[Date "2011.09.04"]
[Round "5"]
[White "Ranfagni, Stefano"]
[Black "Regorda, Vittorio"]
[Result "1-0"]
[WhiteElo "2002"]
[BlackElo "1838"]
[PlyCount "105"]
[EventDate "2011.09.02"]

1. e4 e6 2. d4 d5 3. Nd2 Nf6 4. e5 Nfd7 5. Bd3 c5 6. c3 Qb6 7. Ne2 Nc6 8. Nf3
c4 9. Bc2 f6 10. Nf4 Na5 11. exf6 Nxf6 12. O-O Bd7 13. Re1 O-O-O 14. Ne5 Re8
15. Nxd7 Nxd7 16. Nxd5 Qd8 17. Nf4 Qf6 18. Qh5 Bd6 19. Qxa5 Bxf4 20. Qb5 Rhf8
21. Qxc4+ Kb8 22. Bxf4+ Qxf4 23. Qe2 Rf6 24. Qe3 Qd6 25. Qg3 Rf4 26. Ba4 Ref8
27. Bxd7 Qxd7 28. Re4 g5 29. Rae1 a6 30. f3 Ka7 31. Qxg5 R4f6 32. Qc5+ b6 33.
Qc4 Ra8 34. Qe2 Rg6 35. c4 Qg7 36. d5 Rg8 37. Rg4 Rxg4 38. fxg4 Qd4+ 39. Qf2
Qxg4 40. dxe6 a5 41. e7 Qd7 42. Qf8 Qd2 43. Qf2 Qd7 44. c5 bxc5 45. Qxc5+ Kb7
46. Qc2 Re8 47. Qxh7 Qd4+ 48. Kh1 Qf2 49. Qe4+ Kb8 50. Qe5+ Kb7 51. Qb5+ Ka7
52. Qd7+ Kb6 53. Re6+ 1-0

[Event "XIII Open"]
[Site "Crema ITA"]
[Date "2011.09.04"]
[Round "5"]
[White "Scarabelli, Maurizio"]
[Black "Falchi, Claudio"]
[Result "0-1"]
[WhiteElo "1817"]
[BlackElo "1742"]
[PlyCount "82"]
[EventDate "2011.09.02"]

1. e4 e6 2. f4 d5 3. e5 c5 4. c3 Nc6 5. Nf3 Qb6 6. Na3 Nge7 7. Nc2 Nf5 8. Bd3
Be7 9. Bxf5 exf5 10. Ne3 Be6 11. O-O O-O 12. d4 Rac8 13. Kh1 cxd4 14. cxd4 Rc7
15. a3 Rfc8 16. b4 a5 17. b5 Qxb5 18. Bd2 Qd3 19. Bc1 Qxd1 20. Rxd1 b5 21. Bb2
b4 22. a4 Na7 23. Nd2 Bd8 24. Nb3 Rc6 25. Rf1 Rc3 26. Bxc3 Rxc3 27. Nc5 Rxe3
28. Rfc1 Bb6 29. Kg1 Kf8 30. Kf2 Rc3 31. Rxc3 bxc3 32. Ke2 Bxc5 33. dxc5 d4 34.
Kd3 Nc6 35. Rb1 Bd5 36. Rc1 Ke7 37. g3 Bb3 38. h3 Bxa4 39. Kc4 c2 40. Kd3 Nb4+
41. Kxd4 Na2 0-1

[Event "XIII Open"]
[Site "Crema ITA"]
[Date "2011.09.04"]
[Round "5"]
[White "Schiatti, Piero"]
[Black "Cervini, Ernesto"]
[Result "1-0"]
[WhiteElo "1963"]
[BlackElo "1776"]
[PlyCount "48"]
[EventDate "2011.09.02"]

1. c4 e5 2. Nc3 c6 3. d4 exd4 4. Qxd4 Nf6 5. Bg5 Be7 6. e4 h6 7. Bh4 O-O 8. Be2
d6 9. Nf3 Qc7 10. O-O Be6 11. h3 Nbd7 12. Bg3 Rfd8 13. Rfd1 Nf8 14. Rac1 Ng6
15. a3 b6 16. Ne1 h5 17. f4 h4 18. Bh2 Bd7 19. Nf3 Nh5 20. Qd2 Ng3 21. Bxg3
hxg3 22. f5 Ne5 23. Qf4 Nxf3+ 24. Bxf3 d5 1-0

[Event "XIII Open"]
[Site "Crema ITA"]
[Date "2011.09.04"]
[Round "5"]
[White "Tirelli, Mauro"]
[Black "Agnelli, Francesco"]
[Result "1-0"]
[WhiteElo "1940"]
[BlackElo "2046"]
[PlyCount "81"]
[EventDate "2011.09.02"]

1. d4 Nf6 2. Bg5 Ne4 3. Bf4 c5 4. f3 Qa5+ 5. c3 Nf6 6. d5 d6 7. e4 g6 8. Nd2
Bg7 9. Nc4 Qd8 10. a4 O-O 11. Ne2 b6 12. Ng3 Ba6 13. Be2 Bxc4 14. Bxc4 Nbd7 15.
O-O Ne5 16. Be2 Qc7 17. Be3 h5 18. h3 c4 19. f4 Ned7 20. Bd4 h4 21. Nh1 Rac8
22. Nf2 Nc5 23. Qc2 Nb3 24. Ra3 Nxd4 25. cxd4 a6 26. g4 b5 27. g5 Nd7 28. Qd2
Qb6 29. Bg4 Rc7 30. e5 dxe5 31. fxe5 b4 32. Rf3 c3 33. bxc3 a5 34. cxb4 axb4
35. a5 Qxa5 36. e6 fxe6 37. Bxe6+ Kh7 38. Rf4 Bh8 39. Ne4 Rxf4 40. Qxf4 Bxd4+
41. Kh1 1-0

[Event "XIII Open"]
[Site "Crema ITA"]
[Date "2011.09.04"]
[Round "5"]
[White "Vecchio, Paolo L."]
[Black "Frugoni, Giulio"]
[Result "0-1"]
[WhiteElo "1335"]
[BlackElo "1679"]
[PlyCount "108"]
[EventDate "2011.09.02"]

1. d4 Nf6 2. c4 e6 3. Nc3 d5 4. e3 Bb4 5. Bd2 O-O 6. a3 Be7 7. Nf3 c5 8. Bd3
Nc6 9. Qc2 dxc4 10. Bxc4 cxd4 11. exd4 Nxd4 12. Nxd4 Qxd4 13. Ne2 Qb6 14. O-O
Bd7 15. b3 Bc5 16. b4 Bd6 17. Rad1 Rac8 18. Qa2 Rxc4 19. Qxc4 Bb5 20. Be3 Bxc4
21. Bxb6 Bxe2 22. Rxd6 Bxf1 23. Kxf1 axb6 24. Rxb6 g6 25. Rxb7 Ra8 26. b5 Rxa3
27. b6 Rb3 28. Rb8+ Kg7 29. Rb7 Nd5 30. Ke2 Rxb6 31. Ra7 Rb3 32. g3 h5 33. h4
Nc3+ 34. Kd2 Ne4+ 35. Kc2 Rf3 36. Ra4 Rxf2+ 37. Kd3 Nc5+ 38. Ke3 Nxa4 39. Kxf2
Kf6 40. Ke3 Ke5 41. Kf3 f5 42. Ke3 Nb2 43. Kf3 Nc4 44. g4 hxg4+ 45. Kg3 Ke4 46.
h5 gxh5 47. Kf2 h4 48. Kg2 Ke3 49. Kh2 f4 50. Kg2 Ke2 51. Kh1 f3 52. Kg1 g3 53.
Kh1 f2 54. Kg2 f1=Q# 0-1

[Event "XIII Open"]
[Site "Crema ITA"]
[Date "2011.09.04"]
[Round "5"]
[White "Villa, Giorgio"]
[Black "Martino, Antonio M."]
[Result "1/2-1/2"]
[WhiteElo "1901"]
[BlackElo "1978"]
[PlyCount "71"]
[EventDate "2011.09.02"]

1. d4 Nf6 2. Nf3 g6 3. c4 Bg7 4. g3 O-O 5. Bg2 d5 6. O-O c6 7. cxd5 cxd5 8. Nc3
Ne4 9. e3 Nxc3 10. bxc3 Nc6 11. Ba3 Re8 12. Rc1 b6 13. c4 dxc4 14. Nd2 Bb7 15.
Rxc4 Na5 16. Bxb7 Nxb7 17. Qc2 Nd6 18. Rc6 Nb5 19. Bb2 Rc8 20. Rc1 Rxc6 21.
Qxc6 Nd6 22. Ne4 Nxe4 23. Qxe4 Qd7 24. Qc6 Rd8 25. Qc7 Bf6 26. Ba3 e6 27. Qxd7
Rxd7 28. Rc8+ Bd8 29. Kf1 f5 30. Ke2 Kf7 31. h4 Be7 32. Bxe7 Kxe7 33. Rc6 Rb7
34. Kd3 Kd7 35. Rc3 Kd6 36. f3 1/2-1/2

[Event "XIII Open"]
[Site "Crema ITA"]
[Date "2011.09.04"]
[Round "5"]
[White "Vuckovic, Dimitrije"]
[Black "Biava, Pierluigi"]
[Result "1-0"]
[WhiteElo "1580"]
[BlackElo "1698"]
[PlyCount "51"]
[EventDate "2011.09.02"]

1. Nf3 c5 2. c4 Nc6 3. Nc3 e6 4. g3 Nf6 5. Bg2 d5 6. cxd5 exd5 7. d4 Be6 8. Bf4
Rc8 9. h3 h6 10. dxc5 Bxc5 11. O-O O-O 12. Na4 Be7 13. a3 Nh5 14. Be3 Qd7 15.
Kh2 b6 16. Nd4 Nxd4 17. Bxd4 f5 18. e3 Nf6 19. Nc3 g5 20. f3 Kf7 21. e4 Bd6 22.
e5 Nh5 23. exd6 Qxd6 24. f4 gxf4 25. Qxh5+ Ke7 26. Rxf4 1-0

[Event "XIII Open"]
[Site "Crema ITA"]
[Date "2011.09.04"]
[Round "6"]
[White "Adami, Alessandro"]
[Black "Pisani, Valerio"]
[Result "0-1"]
[WhiteElo "1712"]
[BlackElo "1761"]
[PlyCount "47"]
[EventDate "2011.09.02"]

1. e4 e6 2. d4 d5 3. exd5 exd5 4. Bd3 Bd6 5. Qf3 Nf6 6. h3 h6 7. Bf4 Nc6 8. c3
Be6 9. Bxd6 Qxd6 10. Ne2 O-O-O 11. O-O Ne4 12. Bxe4 dxe4 13. Qxe4 Rde8 14. Qd3
Ne5 15. Qg3 Qa6 16. Qxe5 Bc4 17. Qf5+ Kb8 18. Ng3 Bxf1 19. Nxf1 Re1 20. c4 Qb6
21. Qc2 Qxd4 22. a4 Rhe8 23. Ra3 R8e2 24. Qf5 0-1

[Event "XIII Open"]
[Site "Crema ITA"]
[Date "2011.09.04"]
[Round "6"]
[White "Agnelli, Francesco"]
[Black "Pinna, Ferdinando"]
[Result "0-1"]
[WhiteElo "2046"]
[BlackElo "1903"]
[PlyCount "94"]
[EventDate "2011.09.02"]

1. e4 e6 2. d4 d5 3. Nc3 Bb4 4. e5 c5 5. a3 Bxc3+ 6. bxc3 Ne7 7. Qg4 Qc7 8.
Qxg7 Rg8 9. Qxh7 cxd4 10. Ne2 Nbc6 11. f4 dxc3 12. Qd3 Bd7 13. Rb1 a6 14. Qxc3
O-O-O 15. Be3 d4 16. Bxd4 Nd5 17. Qc5 Nxd4 18. Qxd4 Bb5 19. Qa7 Nc3 20. Rxb5
Nxb5 21. Qe3 Qxc2 22. Kf2 Rd3 23. Qc1 Nxa3 24. Qxc2+ Nxc2 25. Ng3 Rd2+ 26. Kf3
Rd1 27. Ne4 Nd4+ 28. Kf2 Nf5 29. h3 Rd4 30. Nd6+ Nxd6 31. exd6 Rxf4+ 32. Ke3 e5
33. g4 Kd7 34. Bg2 b5 35. Be4 Rxe4+ 36. Kxe4 Ke6 37. Rd1 Rd8 38. h4 Rxd6 39.
Rxd6+ Kxd6 40. h5 Ke7 41. h6 Kf6 42. g5+ Kg6 43. Kxe5 b4 44. Kd6 b3 45. Ke7 b2
46. h7 Kxh7 47. Kxf7 b1=Q 0-1

[Event "XIII Open"]
[Site "Crema ITA"]
[Date "2011.09.04"]
[Round "6"]
[White "Agostinelli, Andrea"]
[Black "Vuckovic, Dimitrije"]
[Result "1-0"]
[WhiteElo "1688"]
[BlackElo "1580"]
[PlyCount "119"]
[EventDate "2011.09.02"]

1. e4 c5 2. Nf3 d6 3. d4 cxd4 4. Nxd4 Nf6 5. Nc3 g6 6. Be3 Bg7 7. Bc4 Bd7 8.
Qd2 Nc6 9. f3 O-O 10. O-O-O Rc8 11. Bb3 Ne5 12. g4 Nc4 13. Bxc4 Rxc4 14. h4 Qa5
15. Nb3 Qc7 16. g5 Nh5 17. Nd5 Qd8 18. Qa5 b6 19. Qxa7 Ra4 20. Qxb6 Rxa2 21.
Qxd8 Rxd8 22. Nb4 Ra4 23. Nd3 Be6 24. Ndc5 Bxb3 25. Nxb3 Rc8 26. Bd4 Rac4 27.
c3 e5 28. Be3 Bf8 29. Kc2 Ng7 30. Rd5 Ne6 31. h5 Be7 32. hxg6 fxg6 33. Rd2 Rf8
34. Rh3 Bxg5 35. Rxd6 Nf4 36. Bxf4 Rxf4 37. Kd3 Rc7 38. c4 Rcf7 39. Nd2 Rb7 40.
Kc3 Rff7 41. b4 Bxd2+ 42. Rxd2 Kg7 43. Rd6 Rfe7 44. c5 Ra7 45. Kc4 Ra1 46. c6
Rc1+ 47. Kb5 Rc7 48. Kb6 Rc8 49. b5 h5 50. Kb7 Rf8 51. c7 Rf7 52. Rc6 Rb1 53.
b6 Rd1 54. Kb8 Rf8+ 55. c8=Q Rdd8 56. b7 Kh6 57. Ka8 Kg5 58. b8=Q Kf4 59. Qxd8
Rxd8 60. Qxd8 1-0

[Event "XIII Open"]
[Site "Crema ITA"]
[Date "2011.09.04"]
[Round "6"]
[White "Attuati, Stefano"]
[Black "De Palma, Fabrizio"]
[Result "0-1"]
[WhiteElo "1977"]
[BlackElo "2071"]
[PlyCount "86"]
[EventDate "2011.09.02"]

1. e4 c5 2. Nf3 d6 3. d4 cxd4 4. Nxd4 a6 5. Nc3 e5 6. Nb3 Nf6 7. Be2 Be7 8. Be3
Be6 9. Nd5 Nxd5 10. exd5 Bf5 11. Qd2 Bg6 12. g4 Nd7 13. h4 h5 14. g5 Qc7 15. c3
Nb6 16. Bxb6 Qxb6 17. Bd3 Bxd3 18. Qxd3 g6 19. O-O-O Qxf2 20. Rdf1 Qb6 21. Nd2
O-O 22. Ne4 Rac8 23. Kb1 Qc7 24. Nf6+ Bxf6 25. gxf6 Qc4 26. Qf3 Kh7 27. Rhg1 e4
28. Qf4 Qxd5 29. Rd1 Qe5 30. Qxe5 dxe5 31. Rd7 Rc6 32. Rg2 e3 33. Rxb7 Rxf6 34.
Re2 Re6 35. Rxe3 Kh6 36. Rd7 f5 37. c4 e4 38. c5 f4 39. Rb3 g5 40. hxg5+ Kxg5
41. Rb6 Rxb6 42. cxb6 f3 43. b7 f2 0-1

[Event "XIII Open"]
[Site "Crema ITA"]
[Date "2011.09.04"]
[Round "6"]
[White "Borboni, Paolo"]
[Black "Franco, Alessandro"]
[Result "1-0"]
[WhiteElo "1726"]
[BlackElo "1736"]
[PlyCount "93"]
[EventDate "2011.09.02"]

1. d4 d5 2. c4 c6 3. Nc3 Nf6 4. cxd5 cxd5 5. Bf4 Qa5 6. e3 e6 7. Bd3 Bb4 8.
Nge2 O-O 9. O-O a6 10. Rc1 Re8 11. Bb1 Nbd7 12. Qc2 e5 13. dxe5 Nxe5 14. Bg5
Ned7 15. Rfd1 d4 16. Bxf6 Nxf6 17. Rxd4 Be6 18. a3 Be7 19. Ne4 g6 20. Nxf6+
Bxf6 21. Rd2 Bb3 22. Qd3 Rad8 23. Nd4 Bxd4 24. exd4 Bc4 25. Qc3 Qg5 26. Rdd1
Bd5 27. Qg3 Qe7 28. h4 Qe2 29. b4 Rc8 30. Bd3 Qh5 31. Qg5 Qxg5 32. hxg5 b5 33.
Rc5 Rcd8 34. f3 Re6 35. Rdc1 Red6 36. Rc7 Be6 37. Be4 Rxd4 38. Ra7 Bc4 39. Rxa6
Rd2 40. Rc3 Rb2 41. Ra8 Rxa8 42. Bxa8 Kf8 43. Re3 Rb3 44. Kf2 Rb2+ 45. Kg3 Bf1
46. f4 Rxg2+ 47. Bxg2 1-0

[Event "XIII Open"]
[Site "Crema ITA"]
[Date "2011.09.04"]
[Round "6"]
[White "Brociner, Beniamino"]
[Black "Carbone, Lorenzo"]
[Result "1-0"]
[WhiteElo "1917"]
[BlackElo "1759"]
[PlyCount "67"]
[EventDate "2011.09.02"]

1. e4 c5 2. Nf3 d6 3. d4 cxd4 4. Nxd4 Nf6 5. Nc3 e6 6. Bc4 Be7 7. Bb3 O-O 8.
Be3 a6 9. Qe2 Bd7 10. O-O-O Nc6 11. f3 Rc8 12. g4 Na5 13. Kb1 Nxb3 14. Nxb3 b5
15. Rdg1 Rxc3 16. bxc3 Bc6 17. h4 Nxe4 18. fxe4 Bxe4 19. Rh3 d5 20. Bc5 h6 21.
Bxe7 Qxe7 22. g5 Kh7 23. gxh6 g6 24. h5 Bf5 25. hxg6+ fxg6 26. Re3 Qa7 27. Nd4
b4 28. Nxf5 bxc3 29. Ka1 Rxf5 30. Rb1 Kxh6 31. Rxe6 Rf2 32. Rh1+ Kg5 33. Qe5+
Rf5 34. Qg3# 1-0

[Event "XIII Open"]
[Site "Crema ITA"]
[Date "2011.09.04"]
[Round "6"]
[White "Corfiati, Paolo"]
[Black "Scarabelli, Maurizio"]
[Result "1/2-1/2"]
[WhiteElo "1732"]
[BlackElo "1817"]
[PlyCount "104"]
[EventDate "2011.09.02"]

1. d4 d5 2. c4 e6 3. Nc3 Be7 4. Nf3 Nf6 5. cxd5 exd5 6. Bg5 h6 7. Bh4 O-O 8. e3
c6 9. Bd3 Nbd7 10. O-O Re8 11. Qc2 Nf8 12. h3 Nh5 13. Bxe7 Qxe7 14. a3 Nf6 15.
b4 a6 16. Na4 Qd8 17. Ne5 Be6 18. Nc5 Bc8 19. a4 N6d7 20. Ncxd7 Bxd7 21. b5 Re6
22. bxa6 bxa6 23. Rfc1 Be8 24. Rab1 Ng6 25. Bxg6 fxg6 26. Rb7 Rc8 27. Qc5 Qd6
28. Qa7 Qf8 29. Qxa6 Rf6 30. Rb2 Rc7 31. Qb6 Qe7 32. a5 c5 33. Qb3 c4 34. Qa2
Ra7 35. e4 Rfa6 36. exd5 Rxa5 37. Qxc4 Ra4 38. Qc5 Ra1 39. Rbc2 R1a5 40. Qxe7
Rxe7 41. d6 Rexe5 42. dxe5 Rxe5 43. Rc7 Rd5 44. Re7 Bb5 45. Rc8+ Kh7 46. d7
Rxd7 47. Rxd7 Bxd7 48. Rc7 Bb5 49. f4 Bd3 50. Kf2 Be4 51. g4 Bd3 52. Rc5 Kg8
1/2-1/2

[Event "XIII Open"]
[Site "Crema ITA"]
[Date "2011.09.04"]
[Round "6"]
[White "Cervini, Ernesto"]
[Black "Adami, Antonio"]
[Result "1/2-1/2"]
[WhiteElo "1776"]
[BlackElo "1722"]
[PlyCount "51"]
[EventDate "2011.09.02"]

1. e4 c5 2. Nf3 d6 3. d4 cxd4 4. Nxd4 Nf6 5. Nc3 a6 6. Be2 e5 7. Nb3 Be6 8. Be3
Be7 9. O-O O-O 10. Qe1 Qc7 11. Rd1 b5 12. a3 Nbd7 13. f4 exf4 14. Bxf4 Ne5 15.
Qg3 Nfd7 16. Nd4 Nb6 17. Nf5 Bxf5 18. exf5 Bf6 19. Ne4 Kh8 20. Nxf6 gxf6 21.
Qh4 Nbd7 22. Bf3 Nxf3+ 23. Rxf3 Qxc2 24. Rfd3 Rg8 25. Bg3 Qc5+ 26. Qd4 1/2-1/2